000 01337nam0a2200349 4500
001 RU\NLR\bibl\1509624
005 20260405213216.0
010 _a978-5-91763-007-6
021 _aRU
_b2010-24730
_91660
035 _a(nilc)RSL-KNO-004626015
035 _a(NLR Aleph) 001501027
090 _a1795525
_c1795525
100 _a20100407d2009 |||y0rusy50 ca
101 1 _arus
_clat
102 _aRU
105 _ay |||||||||
200 1 _aИзбранные стихотворения
_fВенанций Фортунат
_gпер. с лат., вступит. статья, коммент. Р. Л. Шмаракова
210 _aМосква
_cВодолей
_d2009
215 _a276 с.
_d17
225 1 _aЗвезды зарубежной поэзии
320 _aБиблиогр.: с. 268-271
320 _aИмен. указ.: с. 258-267
686 _aШ5(0)946.4-603я44
_2rubbk
686 _aШ5(2=Р)75-657Шмараков Р.Л.
_2rubbk
686 _aШ5(0)42-4Венаций Фортунат536
700 0 _4070
_8rus
_7ca
_aВенанций Фортунат
_fок.530-ок.600
_3RU\NLR\AUTH\7796258
_979184
702 1 _aШмараков
_bР. Л.
_gРоман Львович
_4730
801 0 _aRU
_bРГБ
_c20100407
_grcr
801 1 _aRU
_bРГБ
_c20100407
801 2 _aRU
_bNLR
_c20100511
_grcr
942 _cBOOK
980 _aNB